[Event "Airthings Masters - Preliminari"]
[Site "Internet"]
[Date "21.02.2022"]
[Round "14"]
[White "Carlsen, Magnus"]
[Black "Mamedyarov, Shakhriyar"]
[Result "1-0"]
[WhiteElo "2865"]
[BlackElo "2767"]
[EventDate "2022.02.19"]

1. c4 Nf6 2. Nc3 g6 3. g3 Bg7 4. Bg2 O-O 5. d4 d6 6. Nf3 Nbd7 7. O-O e5 8.
e4 exd4 9. Nxd4 Re8 10. h3 a6 11. Re1 Rb8 12. a4 a5 13. Be3 c6 14. Qc2 Nc5
15. b3 Nfd7 16. Rab1 Na6 17. f4 Ndc5 18. Qd2 Nb4 19. Kh2 h5 20. Re2 Qf6 21.
Qd1 Bd7 22. Rd2 Rbd8 23. Nde2 Bc8 24. Bd4 Qe7 25. Bxg7 Kxg7 26. Nd4 Qf6 27.
Qf3 Re7 28. Rbd1 Rde8 29. Qe3 Kg8 30. Nde2 Re6 31. e5 Qe7 32. Nd4 dxe5 33.
Nxe6 Bxe6 34. Rd6 Nxb3 35. fxe5 Bf5 36. e6 Bc2 37. exf7+ Qxf7 38. Ne4 1-0

[Event "Airthings Masters - Finale"]
[Site "Internet"]
[Date "25.02.2022"]
[Round "F1.1"]
[White "Carlsen, Magnus"]
[Black "Nepomniachtchi, Ian"]
[Result "1/2-1/2"]
[WhiteTitle ""]
[BlackTitle ""]
[WhiteElo "2865"]
[BlackElo "2773"]
[WhiteFideId "1503014"]
[BlackFideId "4168119"]
[EventDate "2022.02.23"]
[EventType "k.o."]

1. c4 Nf6 2. Nc3 e5 3. e3 Nc6 4. a3 d5 5. cxd5 Nxd5 6. Qc2 Nxc3 7. Qxc3 Bd6 8.
b4 Bd7 9. Nf3 Qe7 10. Bb2 f6 11. b5 Nd4 12. Nxd4 exd4 13. Qc2 dxe3 14. dxe3
O-O-O 15. Be2 Qe8 16. a4 Qg6 17. Qxg6 hxg6 18. h4 Bb4+ 19. Kf1 c5 20. bxc6 bxc6
21. Bd4 c5 22. Bxc5 Bxc5 23. Rc1 Kb7 24. Rxc5 Rc8 25. Bf3+ Kb6 26. Rxc8 Rxc8 27.
Ke2 Bxa4 28. Rb1+ Bb5+ 29. Kd2 Rd8+ 30. Kc3 Rc8+ 31. Kb2 Rc4 32. Rh1 Ba4 33. h5
gxh5 34. Rxh5 Rc2+ 35. Ka3 Bb5 36. Rh7 Bc4 37. Be4 Rxf2 38. Kb4 Be6 39. Rxg7 a5+
40. Kc3 Kc5 41. Rc7+ Kd6 42. Rc6+ Ke5 43. Bc2 Re2 44. Rc5+ Kd6 45. Rxa5 Rxe3+
46. Kd4 Re5 47. Ra6+ Ke7 48. Ra7+ Kd6 49. Ra6+ Ke7 50. Ra7+ Kd6 51. Ra6+ 1/2-1/2

[Event "Airthings Masters - Finale"]
[Site "Internet"]
[Date "25.02.2022"]
[Round "F1.2"]
[White "Nepomniachtchi, Ian"]
[Black "Carlsen, Magnus"]
[Result "1/2-1/2"]
[WhiteTitle ""]
[BlackTitle ""]
[WhiteElo "2773"]
[BlackElo "2865"]
[WhiteFideId "4168119"]
[BlackFideId "1503014"]
[EventDate "2022.02.23"]
[EventType "k.o."]

1. e4 c5 2. Nf3 Nc6 3. Bb5 e6 4. O-O Nd4 5. Nxd4 cxd4 6. c3 a6 7. Bd3 Bc5 8. b4
Ba7 9. Na3 Ne7 10. Nc2 dxc3 11. dxc3 Qc7 12. c4 O-O 13. Be3 Bxe3 14. Nxe3 b6 15.
Rc1 a5 16. a3 axb4 17. axb4 Bb7 18. Qd2 Qf4 19. Rfd1 Rfd8 20. Bb1 h6 21. Qd4 Qc7
22. e5 Ra4 23. Qh4 Kf8 24. Ng4 Rxb4 25. Nxh6 Rxb1 26. Rxb1 Ng6 27. Qg5 gxh6 28.
Qxh6+ Ke8 29. Rd6 Qxc4 30. Rdxb6 Be4 31. R6b4 Qe2 32. Rc1 Bc6 33. h4 Qxe5 34. h5
Ne7 35. Rg4 Ra8 36. Rg7 Kd8 37. Rxf7 Ra1 38. Rxa1 Qxa1+ 39. Kh2 Nf5 40. Qg5+ Kc7
41. h6 Qe5+ 42. Kh3 Qa1 43. Qf4+ Nd6 44. Rg7 Qh1+ 45. Qh2 Qc1 46. Kg4 Qc4+ 47.
Qf4 Qe2+ 48. Kh3 e5 49. Qg4 Qxf2 50. h7 Qe3+ 51. Kh2 Qh6+ 52. Qh3 Qf4+ 53. Rg3
Nf7 54. h8=Q Nxh8 55. Qxh8 d5 56. Qg7+ Kd6 57. Qg6+ Kc5 58. Qc2+ Kd6 59. Qc3 d4
60. Qa3+ Ke6 61. Kg1 Qe4 62. Qc1 Kd6 63. Rg7 d3 64. Qa3+ Kd5 65. Qa5+ Kc4 66.
Qa2+ Kc3 67. Qa3+ Kc2 68. Qa2+ Kd1 69. Rf7 Qxg2+ 70. Qxg2 Bxg2 71. Kxg2 Ke2 72.
Rf2+ Ke3 73. Rf3+ Ke2 74. Rf2+ Ke3 75. Rf3+ Ke2 76. Rf2+ 1/2-1/2

[Event "Airthings Masters - Finale"]
[Site "Internet"]
[Date "25.02.2022"]
[Round "F1.3"]
[White "Carlsen, Magnus"]
[Black "Nepomniachtchi, Ian"]
[Result "1/2-1/2"]
[WhiteTitle ""]
[BlackTitle ""]
[WhiteElo "2865"]
[BlackElo "2773"]
[WhiteFideId "1503014"]
[BlackFideId "4168119"]
[EventDate "2022.02.23"]
[EventType "k.o."]

1. d4 Nf6 2. c4 e6 3. Nf3 d5 4. Nc3 c5 5. cxd5 cxd4 6. Qxd4 exd5 7. Bg5 Be7 8.
e3 O-O 9. Rd1 Nc6 10. Qa4 Qb6 11. Rd2 Be6 12. Bd3 h6 13. Bh4 g5 14. Bg3 Bb4 15.
O-O Ne4 16. Bxe4 dxe4 17. Nd4 Bc4 18. Rfd1 Bxc3 19. bxc3 Bd3 20. Nf5 Qc5 21. Nd6
b5 22. Qa6 f5 23. a4 f4 24. axb5 Ne5 25. exf4 gxf4 26. Nxe4 Bxe4 27. Qe6+ Nf7
28. Qxe4 fxg3 29. hxg3 Qxc3 30. Rd7 Qe5 31. Qg6+ Qg7 32. Qa6 Qe5 33. Qg6+ Qg7
34. Qa6 Qe5 35. R1d5 Qg7 36. Rf5 Rae8 37. Rxa7 Qg4 38. Rf4 Re1+ 39. Kh2 Qe6 40.
Rf6 Qxa6 41. bxa6 Ne5 42. Rxf8+ Kxf8 43. f3 Ra1 44. g4 Kg8 45. Kg3 Nc6 46. Ra8+
Kg7 47. f4 Ra4 48. Kh4 Rxf4 49. Rc8 Rf6 50. Rc7+ Kg6 51. a7 1/2-1/2

[Event "Airthings Masters - Finale"]
[Site "Internet"]
[Date "25.02.2022"]
[Round "F1.4"]
[White "Nepomniachtchi, Ian"]
[Black "Carlsen, Magnus"]
[Result "1/2-1/2"]
[WhiteTitle ""]
[BlackTitle ""]
[WhiteElo "2773"]
[BlackElo "2865"]
[WhiteFideId "4168119"]
[BlackFideId "1503014"]
[EventDate "2022.02.23"]
[EventType "k.o."]

1. e4 e5 2. Nf3 Nc6 3. Bc4 Bc5 4. c3 Nf6 5. d3 d6 6. O-O a5 7. Re1 Ba7 8. Na3 h6
9. Nb5 Bb8 10. d4 O-O 11. h3 Re8 12. Bd3 Ne7 13. c4 Ng6 14. dxe5 Nxe5 15. Nxe5
dxe5 16. c5 c6 17. Nc3 Be6 18. Be3 Qe7 19. Qe2 Bc7 20. b3 Nd7 21. Na4 Red8 22.
Rad1 Nf8 23. Qc2 Rd7 24. Bf1 Rxd1 25. Rxd1 Rd8 26. Rb1 Nd7 27. b4 axb4 28. Rxb4
Rb8 29. Qb2 b5 30. cxb6 Bd6 31. a3 Bxb4 32. axb4 Qd6 33. Be2 Ra8 34. Bc5 Nxc5
35. Nxc5 Ra2 36. Qc3 Rxe2 37. b7 Qc7 38. Qa3 Rd2 39. Qa8+ Rd8 40. Na6 Qd6 41.
Qxd8+ Qxd8 42. b8=Q Qc8 43. f3 f6 44. Qb6 Bc4 45. Nc5 Kh7 46. Kh2 h5 47. h4 Kg6
48. Kg3 Kh7 49. Kh2 Kg6 50. Qa7 Qd8 51. Qb7 Qd2 52. Qxc6 Bf1 53. Qe8+ Kh6 54.
Qh8+ Kg6 55. Qe8+ Kh6 56. Qh8+ Kg6 57. Qe8+ 1/2-1/2

[Event "Airthings Masters - Finale"]
[Site "Internet"]
[Date "26.02.2022"]
[Round "F2.1"]
[White "Nepomniachtchi, Ian"]
[Black "Carlsen, Magnus"]
[Result "1/2-1/2"]
[WhiteTitle ""]
[BlackTitle ""]
[WhiteElo "2773"]
[BlackElo "2865"]
[WhiteFideId "4168119"]
[BlackFideId "1503014"]
[EventDate "2022.02.23"]
[EventType "k.o."]

1. e4 c5 2. Nf3 Nc6 3. Bb5 g6 4. O-O Bg7 5. d3 d6 6. e5 dxe5 7. Bxc6+ bxc6 8.
Re1 Qc7 9. Na3 Nf6 10. Nxe5 Nd5 11. Nac4 O-O 12. h3 Ba6 13. Qe2 f6 14. Nf3 e5
15. Be3 Nxe3 16. Qxe3 Rfe8 17. Nfd2 Qe7 18. Nb3 Bxc4 19. dxc4 Bf8 20. Rad1 f5
21. Rd2 Rad8 22. Red1 e4 23. c3 Rxd2 24. Qxd2 Qe5 25. Na5 Re6 26. g3 Rd6 27. Qe2
Rxd1+ 28. Qxd1 e3 29. Qe2 Bh6 30. Nb3 f4 31. gxf4 Bxf4 32. fxe3 Bxe3+ 33. Kg2
Kg7 34. Qf3 Bg5 35. Na5 Bh4 36. Nxc6 Qg5+ 37. Kh2 Qd2+ 38. Qg2 Qf4+ 39. Kh1 Qc1+
40. Kh2 Qf4+ 41. Kh1 a6 42. Qe2 Qc1+ 43. Kh2 Qf4+ 44. Kh1 Qc1+ 45. Kh2 Qf4+ 46.
Kh1 1/2-1/2

[Event "Airthings Masters - Finale"]
[Site "Internet"]
[Date "26.02.2022"]
[Round "F2.2"]
[White "Carlsen, Magnus"]
[Black "Nepomniachtchi, Ian"]
[Result "1-0"]
[WhiteTitle ""]
[BlackTitle ""]
[WhiteElo "2865"]
[BlackElo "2773"]
[WhiteFideId "1503014"]
[BlackFideId "4168119"]
[EventDate "2022.02.23"]
[EventType "k.o."]

1. e4 e5 2. Bc4 Nf6 3. d3 Bc5 4. Nf3 d6 5. Nc3 Nc6 6. Na4 Bb6 7. Nxb6 axb6 8. a4
Bd7 9. Bd2 O-O 10. O-O Ne7 11. b3 Ng6 12. Re1 c5 13. h3 Bc6 14. b4 d5 15. exd5
Bxd5 16. Bb5 e4 17. dxe4 Nxe4 18. bxc5 Nxd2 19. Nxd2 Nf4 20. Bf1 bxc5 21. Nc4
Qf6 22. Ne3 Bc6 23. Ng4 Qg5 24. g3 Rad8 25. gxf4 Qxf4 26. Qe2 Rde8 27. Qd3 h5
28. Nh2 Re5 29. Rxe5 Qxe5 30. c3 Re8 31. Bg2 Qg5 32. Nf3 Qf4 33. Re1 Rxe1+ 34.
Nxe1 Qxa4 35. Bxc6 Qxc6 36. c4 g6 37. Ng2 Qf6 38. Qe4 Qa1+ 39. Kh2 Qb2 40. Kg3
Kg7 41. Ne3 b5 42. cxb5 Qxb5 43. Qe5+ Kg8 44. Nd5 Qd3+ 45. Kh4 Qd2 46. f4 Qg2
47. Nf6+ Kf8 48. Nd7+ Kg8 49. Qe8+ Kg7 50. Qf8+ 1-0